000 01224cam a2200241 4500
001 ##L134493
008 060810n2006 000 0 eng u
035 _a(Sirsi) u134493
041 0 _aeng
050 0 4 _a332.6324 $2 18
110 2 _aKnight Frank
_91530
245 0 0 _aStudent accommodation review 2006
260 _aLondon
_bKnight Frank
_c2006
490 0 _aKnight Frank Student Accommodation Review
_v2006
505 2 _aExecutive summary -- Investment criteria for the student accommodation sector -- Product typology -- Investment mechanisms -- Future trends -- Conclusions
520 _aLooks at opportunities in the sector and provides an analysis of returns from student accommodation compared with other property asset classes. Identifies the sector's strengths and weaknesses. Details the various methods of investment in the sector along with forecasts of future market trends. Graphs.
590 _aIKA220806
650 2 4 _aKNIGHT FRANK STUDENT ACCOMMODATION REVIEW
651 4 _aUnited Kingdom
_y
690 _aPROPERTY-RESIDENTIAL PROPERTY-RESIDENTIAL PROPERTY FINANCE AND INVESTMENT
856 4 0 _uhttps://www.knightfrank.com/
_zView the item free of charge at www.knightfrank.com...
942 _n0
999 _c105700
_d105700